[Event "Schleswig Holstein-ch Seniors"]
[Site "Hanerau"]
[Date "2015.04.02"]
[Round "8"]
[White "Kluetz, Eckhard"]
[Black "Isler, Benjamin"]
[Result "1-0"]
[WhiteElo "1494"]
[BlackElo "1721"]
[PlyCount "120"]
[EventDate "2015.03.28"]
[EventType "swiss"]
[EventRounds "9"]
[EventCountry "GER"]
[SourceTitle "EXT 2018"]
[Source "ChessBase"]
[SourceDate "2017.10.13"]
[SourceVersion "1"]
[SourceVersionDate "2017.10.13"]
[SourceQuality "1"]

1. c4 c6 2. Nc3 d5 3. cxd5 cxd5 4. d4 Nf6 5. g3 e6 6. Bg2 Bb4 7. e3 Nc6 8. Nge2 0-0 9. 0-0 Re8 10. b3 b6 11. Bb2 Ba6 12. Re1 Rb8 13. a3 Bf8 14. Rc1 Bb7 15. Nf4 Bd6 16. Nd3 Ba6 17. b4 Bb7 18. Re2 e5 19. Nxd5 e4 20. Nxf6+ Qxf6 21. d5 Ne5 22. Nxe5 Bxe5 23. Bxe5 Qxe5 24. Rd2 Rbd8 25. d6 Rd7 26. Rc7 Rxc7 27. dxc7 Qxc7 28. Rd4 g6 29. h3 Qc3 30. a4 a5 31. bxa5 bxa5 32. Bf1 Bc6 33. Bb5 Bxb5 34. axb5 Qc8 35. Kg2 Qb8 36. Qa4 Qb6 37. Qc4 Qb7 38. Qc6 Qxc6 39. bxc6 Rc8 40. Rxe4 Rxc6 41. Re8+ Kg7 42. Ra8 Rc5 43. Ra6 h5 44. h4 g5 45. hxg5 Rxg5 46. f4 Rb5 47. e4 f6 48. Kh3 Rc5 49. Kh4 Rb5 50. f5 Re5 51. Kxh5 Rxe4 52. Rxa5 Re8 53. Ra7+ Kf8 54. Kg6 Re7 55. Ra8+ Re8 56. Rxe8+ Kxe8 57. Kxf6 Kf8 58. g4 Kg8 59. Ke7 Kh7 60. f6 Kh8 1-0

[Event "Schleswig Holstein-ch Seniors"]
[Site "Hanerau"]
[Date "2015.04.01"]
[Round "4"]
[White "Kluetz, Eckhard"]
[Black "Dambrowski, Ralf"]
[Result "1-0"]
[WhiteElo "1494"]
[BlackElo "1369"]
[PlyCount "81"]
[EventDate "2015.03.28"]
[EventType "swiss"]
[EventRounds "9"]
[EventCountry "GER"]
[SourceTitle "EXT 2018"]
[Source "ChessBase"]
[SourceDate "2017.10.13"]
[SourceVersion "1"]
[SourceVersionDate "2017.10.13"]
[SourceQuality "1"]

1. c4 Nf6 2. Nc3 g6 3. g3 Bg7 4. Bg2 0-0 5. Nf3 c5 6. 0-0 Nc6 7. e3 a6 8. d4 cxd4 9. exd4 d5 10. cxd5 Nxd5 11. Re1 e6 12. a3 Bd7 13. Nxd5 exd5 14. b4 Bg4 15. Bb2 Qb6 16. Qd3 Rad8 17. Ne5 Bf5 18. Qd2 Rfe8 19. Nxc6 Rxe1+ 20. Rxe1 Qxc6 21. Rc1 Qd6 22. Rc5 Be6 23. Qc3 Bf6 24. Bc1 Qf8 25. Rc7 b6 26. Rc6 Rc8 27. Bb2 Bxd4 28. Rxc8 Bxc3 29. Rxf8+ Kxf8 30. Bxc3 Ke7 31. Bd4 b5 32. f4 f5 33. Kf2 h5 34. Ke3 Kd6 35. Bc5+ Kc6 36. Kd4 Bf7 37. Ke5 a5 38. Kf6 axb4 39. axb4 Be8 40. Ke7 Bd7 41. Kf7 1-0

[Event "Schleswig Holstein-ch Seniors"]
[Site "Hanerau"]
[Date "2015.04.01"]
[Round "6"]
[White "Rickers, Bernhard"]
[Black "Kluetz, Eckhard"]
[Result "1/2-1/2"]
[WhiteElo "1556"]
[BlackElo "1494"]
[PlyCount "67"]
[EventDate "2015.03.28"]
[EventType "swiss"]
[EventRounds "9"]
[EventCountry "GER"]
[SourceTitle "EXT 2018"]
[Source "ChessBase"]
[SourceDate "2017.10.13"]
[SourceVersion "1"]
[SourceVersionDate "2017.10.13"]
[SourceQuality "1"]

1. d4 d5 2. Nf3 Nf6 3. e3 e6 4. Bd3 c5 5. c3 cxd4 6. exd4 g6 7. Bg5 Bg7 8. 0-0 0-0 9. Ne5 Nbd7 10. Nd2 Qc7 11. Ndf3 Ne4 12. Bf4 Nxe5 13. Nxe5 Nd6 14. Qf3 Qd8 15. Qe3 Nf5 16. Bxf5 exf5 17. Bh6 Re8 18. Bxg7 Kxg7 19. Qf3 f6 20. Nd3 b6 21. Rfe1 Bb7 22. Rxe8 Qxe8 23. Re1 Qf7 24. Qe3 g5 25. Qe7 Rc8 26. Nb4 Kg6 27. a3 a5 28. Nc2 Bc6 29. f3 Re8 30. Qxf7+ Kxf7 31. Rxe8 Kxe8 32. Ne3 f4 33. Ng4 Ke7 34. Kf1 1/2-1/2

[Event "Schleswig Holstein-ch Seniors"]
[Site "Hanerau"]
[Date "2015.03.30"]
[Round "3"]
[White "Petersen, Markus"]
[Black "Kluetz, Eckhard"]
[Result "1-0"]
[WhiteElo "1443"]
[BlackElo "1494"]
[PlyCount "109"]
[EventDate "2015.03.28"]
[EventType "swiss"]
[EventRounds "9"]
[EventCountry "GER"]
[SourceTitle "EXT 2018"]
[Source "ChessBase"]
[SourceDate "2017.10.13"]
[SourceVersion "1"]
[SourceVersionDate "2017.10.13"]
[SourceQuality "1"]

1. e4 e5 2. Nf3 Nc6 3. Bc4 Be7 4. 0-0 Nf6 5. Nc3 0-0 6. d4 exd4 7. Nxd4 Nxd4 8. Qxd4 d6 9. Bd2 c6 10. Rae1 Be6 11. Bd3 b6 12. h3 Qd7 13. Qe3 h6 14. Kh1 Nh7 15. f4 f5 16. exf5 Bxf5 17. Qxe7 Bxh3 18. Qxd7 Bxd7 19. Re7 Nf6 20. Bg6 c5 21. f5 Bc6 22. Rfe1 d5 23. Rc7 Rfc8 24. Ree7 Rxc7 25. Rxc7 Be8 26. Re7 Bxg6 27. fxg6 a6 28. Bf4 d4 29. Na4 Nd5 30. Rf7 Re8 31. Bd6 c4 32. Rf3 Nf6 33. Nxb6 Ng4 34. Rf1 d3 35. cxd3 cxd3 36. Nc4 a5 37. g3 Nf6 38. a3 Ne4 39. Kg2 d2 40. Rd1 Nxd6 41. Nxd6 Re2+ 42. Kf3 Rh2 43. Ne4 Kf8 44. Rxd2 Rxd2 45. Nxd2 Ke7 46. a4 Kf6 47. Nc4 Kxg6 48. Nxa5 Kf6 49. b4 Ke6 50. Ke4 g5 51. Nc4 h5 52. a5 Kd7 53. b5 h4 54. gxh4 gxh4 55. Kf3 1-0

[Event "Schleswig-Holstein-ch Young Seniors"]
[Site "Buesum"]
[Date "2010.04.01"]
[Round "8"]
[White "Gerks, Joachim"]
[Black "Kluetz, Eckhard"]
[Result "1-0"]
[WhiteElo "1784"]
[BlackElo "1434"]
[PlyCount "93"]
[EventDate "2010.03.27"]
[EventType "swiss"]
[EventRounds "9"]
[EventCountry "GER"]
[SourceTitle "EXT 2023"]
[Source "ChessBase"]
[SourceDate "2022.10.05"]
[SourceVersion "1"]
[SourceVersionDate "2022.10.05"]
[SourceQuality "1"]

1. e4 c5 2. Nf3 Nc6 3. d4 cxd4 4. Nxd4 Nxd4 5. Qxd4 a6 6. c4 Qc7 7. Nc3 e6 8. Be3 Ne7 9. Qb6 Qxb6 10. Bxb6 Nc6 11. a3 Be7 12. f4 d6 13. 0-0-0 0-0 14. Bc7 g6 15. Be2 Kg7 16. Bxd6 Bxd6 17. Rxd6 Na7 18. Rhd1 Rb8 19. Rd8 Rxd8 20. Rxd8 b6 21. e5 Rb7 22. g3 Rd7 23. Rxd7 Bxd7 24. Bf3 f6 25. exf6+ Kxf6 26. Bb7 Bc8 27. Ne4+ Kg7 28. Bxc8 Nxc8 29. Ng5 Nd6 30. Nxe6+ Kf6 31. Nc7 Nxc4 32. Nxa6 h5 33. Nb4 Kf5 34. Nd3 Ke4 35. Ne5 Nxe5 36. fxe5 Kxe5 37. a4 Kd4 38. b4 Kc4 39. a5 Kb5 40. axb6 Kxb6 41. Kd2 Kb5 42. Ke3 Kxb4 43. Kf4 h4 44. g4 Kc5 45. Kg5 Kd4 46. Kxg6 Ke5 47. Kh6 1-0

[Event "Heide-ch op"]
[Site "Heide"]
[Date "2002.05.25"]
[Round "7"]
[White "Kloppenburg, Reimer"]
[Black "Kluetz, Eckhard"]
[Result "1-0"]
[WhiteElo "1338"]
[BlackElo "1460"]
[PlyCount "131"]
[EventDate "2002.05.??"]
[EventType "swiss"]
[EventRounds "7"]
[EventCountry "GER"]
[SourceTitle "EXT 2004"]
[Source "ChessBase"]
[SourceDate "2003.11.25"]
[SourceVersion "1"]
[SourceVersionDate "2003.11.25"]
[SourceQuality "1"]

1. d4 d5 2. Nf3 Nf6 3. c4 e6 4. a3 c5 5. dxc5 Bxc5 6. e3 a6 7. b4 Be7 8. c5 Nc6 9. Bb2 Bd7 10. Nbd2 b6 11. cxb6 Qxb6 12. Rc1 Rc8 13. Be2 0-0 14. 0-0 Qd8 15. Bxa6 Rb8 16. Ne5 Nxe5 17. Bxe5 Rb6 18. Be2 Bd6 19. Bxd6 Rxd6 20. b5 Bc8 21. a4 Ne4 22. Nf3 Qb6 23. Nd4 Bb7 24. f3 Nc5 25. Qc2 Rc8 26. Qb2 Ra8 27. Qa3 Nxa4 28. Nc6 Rd7 29. Ne5 Rc7 30. Kf2 f6 31. Rxc7 Qxc7 32. Nd3 Nb6 33. Qc5 Qd8 34. Rc1 Rc8 35. Qb4 Rxc1 36. Nxc1 Qc7 37. Nb3 Nc4 38. Nc5 Qxh2 39. Nxb7 Qh4+ 40. Kg1 Qh6 41. Bxc4 Qxe3+ 42. Kh2 Qh6+ 43. Kg3 Qg5+ 44. Kf2 Qh4+ 45. Kg1 Qd4+ 46. Kf1 dxc4 47. Qd6 Qa1+ 48. Kf2 h6 49. Qxe6+ Kh8 50. Qxc4 Qb2+ 51. Qe2 Qd4+ 52. Kf1 Qd7 53. Nc5 Qd5 54. Ne6 Qb3 55. Kf2 Qd5 56. Nf4 Qc5+ 57. Kf1 Qc1+ 58. Kf2 Qxf4 59. b6 Qh4+ 60. Kg1 Qd4+ 61. Qf2 Qb4 62. Qe3 Qb5 63. Qd4 Qb1+ 64. Kh2 Qb5 65. Qd8+ Kh7 66. Qc7 1-0

[Event "Heide-ch op"]
[Site "Heide"]
[Date "2002.04.05"]
[Round "3"]
[White "Rambach, Lars"]
[Black "Kluetz, Eckhard"]
[Result "1/2-1/2"]
[WhiteElo "1795"]
[BlackElo "1460"]
[PlyCount "83"]
[EventDate "2002.05.??"]
[EventType "swiss"]
[EventRounds "7"]
[EventCountry "GER"]
[SourceTitle "EXT 2004"]
[Source "ChessBase"]
[SourceDate "2003.11.25"]
[SourceVersion "1"]
[SourceVersionDate "2003.11.25"]
[SourceQuality "1"]

1. e4 e5 2. f4 d6 3. Nf3 Nf6 4. Nc3 Be7 5. Bc4 Nc6 6. 0-0 0-0 7. d3 Be6 8. Bxe6 fxe6 9. Ne2 exf4 10. Nxf4 Qd7 11. c3 e5 12. Qb3+ Kh8 13. Ne6 Rg8 14. Neg5 h6 15. Qf7 Qe8 16. Qxe8 Nxe8 17. Nh3 g5 18. Ne1 Ng7 19. Nf2 Raf8 20. Ng4 Kh7 21. Bd2 Ne6 22. Rxf8 Rxf8 23. g3 Ncd8 24. Ne3 c6 25. Nf5 Rf7 26. Be3 b6 27. a4 Nb7 28. b4 Bf8 29. Kg2 c5 30. a5 bxa5 31. bxa5 Nbd8 32. Rb1 Rb7 33. Rxb7+ Nxb7 34. a6 Nbd8 35. Nc2 Nc6 36. Na3 Nb8 37. Nb5 Nxa6 38. Nxa7 Ng7 39. g4 Ne8 40. Nb5 Nac7 41. Nxc7 Nxc7 42. c4 1/2-1/2

[Event "Heide-ch op"]
[Site "Heide"]
[Date "2002.03.01"]
[Round "1"]
[White "Kruse, Martin"]
[Black "Kluetz, Eckhard"]
[Result "1-0"]
[WhiteElo "1864"]
[BlackElo "1460"]
[PlyCount "73"]
[EventDate "2002.05.??"]
[EventType "swiss"]
[EventRounds "7"]
[EventCountry "GER"]
[SourceTitle "EXT 2004"]
[Source "ChessBase"]
[SourceDate "2003.11.25"]
[SourceVersion "1"]
[SourceVersionDate "2003.11.25"]
[SourceQuality "1"]

1. d4 d5 2. c4 c6 3. Nc3 Bf5 4. Nf3 e6 5. cxd5 exd5 6. a3 Nf6 7. Bg5 Be7 8. e3 Nbd7 9. Rc1 Ne4 10. Bxe7 Qxe7 11. Be2 0-0 12. 0-0 Ndf6 13. Ne5 Nd7 14. Nd3 Nxc3 15. Rxc3 Rac8 16. b4 Rfd8 17. Qb3 a6 18. Rfc1 Bxd3 19. Bxd3 Nf6 20. a4 Ng4 21. Be2 Nf6 22. b5 axb5 23. axb5 Ne4 24. R3c2 Nf6 25. bxc6 bxc6 26. Rxc6 Rb8 27. Rb6 Ra8 28. Rb7 Qd6 29. Qb6 Qxb6 30. Rxb6 Rd7 31. Rcb1 Rdd8 32. Rb7 Kf8 33. g3 g6 34. Kg2 h5 35. h3 Ra2 36. R1b2 Ra1 37. Rc7 1-0